A Journey into Gravity and Spacetime
Αποθηκεύτηκε σε:
| Κύριος συγγραφέας: | |
|---|---|
| Μορφή: | Βιβλίο |
| Γλώσσα: | English |
| Δημοσίευση: |
New York :
Scientific American Library,
c1990
|
| Σειρά: | Scientific American Library series
|
| Θέματα: | |
| Ετικέτες: |
Προσθήκη ετικέτας
Δεν υπάρχουν, Καταχωρήστε ετικέτα πρώτοι!
|
MARC
| LEADER | 00000nam a2200000 i 4500 | ||
|---|---|---|---|
| 001 | 1/39340 | ||
| 008 | 950201s1990 eng d | ||
| 020 | |a 0-7167-5016-3 | ||
| 035 | |a 1995 |c ΚΩΤΣΑΚΗΣ |l 10040987 | ||
| 040 | |a GR-MY-UA |b gre |e aacr | ||
| 041 | 0 | |a eng | |
| 082 | 0 | |a 531.14 | |
| 100 | 1 | |a Wheeler, John Archibald |d 1911- | |
| 245 | 1 | 2 | |a A Journey into Gravity and Spacetime / |c John Archibald |
| 260 | |a New York : |b Scientific American Library, |c c1990 | ||
| 300 | |a xii, 257 p.; |b ill.; |c 25 cm. | ||
| 490 | 1 | |a Scientific American Library Series | |
| 500 | |a Includes index | ||
| 650 | 0 | 0 | |a Gravity. |
| 650 | 0 | 0 | |a Space and time. |
| 830 | 0 | |a Scientific American Library series | |
| 852 | |a INST |b SAMOS |e 19950201 |h 531.14 WHE |p 005300006043 |q 005300006043 |t BK |y 0 | ||
| 909 | |a Σ |b 038711 | ||